000
00305nam a2200133Ia 4500
005
20260326235445.0
008
260326s9999||||xx |||||||||||||| ||und||
100
_a
Amos, Edallo
245
0
_a
Ruralistica /
_c
Edallo Amos
260
_b
Errico Hoepli
300
_a
372 p.
650
_a
URBANISMO
942
_c
BK
999
_c
7542
_d
7542